On a Map: Sussex County (NJ) Quiz Stats

 Plays Quiz not verified by Sporcle

Challenge
Share
Tweet
Score 0/24 Timer 07:00
0 Plays Today
% Correct
Sussex
90.9%
Vernon
90.9%
Newton
85.6%
Sparta
85.6%
Montague
83.3%
Hopatcong
81.5%
Wantage
81.1%
Stanhope
74.9%
Green
74.7%
Franklin
73.3%
Byram
72.6%
Hardyston
70.5%
% Correct
Andover
69.9%
Andover Twp.
69.9%
Hamburg
68.3%
Sandyston
66.9%
Ogdensburg
66%
Walpack
63%
Lafayette
61.9%
Branchville
61.4%
Stillwater
59.8%
Fredon
59.6%
Frankford
57.5%
Hampton
55.3%

You're not logged in!

Compare scores with friends on all Sporcle quizzes.
Join for Free
OR
Log In

You Might Also Like...

Show Comments

Extras

Top Quizzes Today


Score Distribution

Your Account Isn't Verified!

In order to create a playlist on Sporcle, you need to verify the email address you used during registration. Go to your Sporcle Settings to finish the process.

Report this User

Report this user for behavior that violates our Community Guidelines.

Details: